Rosa Spagna 2008 - Statistics

Statistiche generali
  • Questo quiz è stato fatto 49 volte
  • Il punteggio medio è 11 su 23
Statistiche sulle risposte
Ruolo Club dell'epoca Calciatore % Corretto
Portiere Real Madrid Iker Casillas
97%
Centrocampista Barcellona Andrès Iniesta
90%
Barcellona Carles Puyol
90%
Barcellona Xavi
90%
Real Madrid Sergio Ramos
82%
Attaccante Valencia David Villa
79%
Liverpool Fernando Torres
79%
Liverpool Josè Manuel Reina
79%
Arsenal Cesc Fàbregas
67%
Liverpool Xabi Alonso
62%
Liverpool Álvaro Arbeloa
44%
Difensore Valencia Raúl Albiol
44%
Villarreal Joan Capdevila
38%
Valencia David Silva
33%
Villarreal Marco Senna
33%
Villarreal Santiago Cazorla
23%
Valencia Carlos Marchena
21%
Maiorca Daniel Güiza
18%
Siviglia Andrès Palop
13%
Real Saragozza Sergio Garcia
10%
Getafe Rubén de la Red
8%
Maiorca Fernando Navarro
5%
Betis Siviglia Juanito
5%
Nessun quiz corrispondente trovato
Distribuzione punteggi
Percentuale di utenti per punteggio
Percentile per numero di risposta
I tuoi punteggi nel tempo
Non hai fatto questo quiz